Escalafón del Cuerpo de Abogados del Estado : 1949 / 1949 /

Publicado: Madrid : Imp. Hijos de E. Minuesa , 1949
Descripción Física: 104 pàgines : taules ; 16 x 22 cm
Idioma: Catalán

MARC

LEADER 00000nam a22000007a 4500
001 29124
003 AGDB
005 20260324181541.0
008 251216b spa||||| |||| 00| 0 cat d
110 |a Espanya. Dirección General de lo Contencioso del Estado  |9 29982 
245 1 0 |a Escalafón del Cuerpo de Abogados del Estado :  |b 1949 /  |c Ministerio de Hacienda, Dirección General de lo Contencioso del estado  
260 |a Madrid :  |b Imp. Hijos de E. Minuesa,  |c 1949 
300 |a 104 pàgines :  |b taules ;  |c 16 x 22 cm 
650 0 |a Advocats de l'Estat  |z Espanya  |9 72872 
942 |2 udc  |c ARXIU  |n 1 
952 |0 0  |1 0  |2 udc  |4 0  |6 D1153  |7 1  |9 98791  |a Arxiu  |b Arxiu  |d 2025-12-16  |l 0  |o D-1-153  |p 29124  |r 2025-12-16 10:09:03  |w 2025-12-16  |y ARXIU 
999 |c 130486  |d 130486